<?xml version="1.0" encoding="UTF-8"?>
<record
    xmlns:xsi="http://www.w3.org/2001/XMLSchema-instance"
    xsi:schemaLocation="http://www.loc.gov/MARC21/slim http://www.loc.gov/standards/marcxml/schema/MARC21slim.xsd"
    xmlns="http://www.loc.gov/MARC21/slim">

  <leader>00753nam a22002417a 4500</leader>
  <controlfield tag="005">20170124105909.0</controlfield>
  <datafield tag="010" ind1=" " ind2=" ">
    <subfield code="a">B-129017</subfield>
  </datafield>
  <datafield tag="020" ind1=" " ind2=" ">
    <subfield code="a">8178882388</subfield>
    <subfield code="c">695.00</subfield>
  </datafield>
  <datafield tag="035" ind1=" " ind2=" ">
    <subfield code="a">B-129017</subfield>
  </datafield>
  <datafield tag="037" ind1=" " ind2=" ">
    <subfield code="b">Cen Lib/Ret</subfield>
  </datafield>
  <datafield tag="040" ind1=" " ind2=" ">
    <subfield code="a">DPL</subfield>
    <subfield code="b">EN</subfield>
  </datafield>
  <datafield tag="082" ind1=" " ind2=" ">
    <subfield code="a">664.024</subfield>
  </datafield>
  <datafield tag="100" ind1=" " ind2=" ">
    <subfield code="a">Tripathy, S.N.</subfield>
  </datafield>
  <datafield tag="245" ind1=" " ind2=" ">
    <subfield code="a">Food technology /</subfield>
    <subfield code="c">by S.N. Tripathy</subfield>
  </datafield>
  <datafield tag="260" ind1=" " ind2=" ">
    <subfield code="a">New Delhi</subfield>
    <subfield code="b">Dominant Publishers and Distributers</subfield>
    <subfield code="c">2004</subfield>
  </datafield>
  <datafield tag="270" ind1=" " ind2=" ">
    <subfield code="a">116-A, South Anarkali</subfield>
    <subfield code="b">Delhi</subfield>
    <subfield code="e">110051</subfield>
  </datafield>
  <datafield tag="300" ind1=" " ind2=" ">
    <subfield code="a">353p.</subfield>
    <subfield code="c">24cm(Hb)</subfield>
  </datafield>
  <datafield tag="650" ind1=" " ind2=" ">
    <subfield code="a">Biotechnology</subfield>
  </datafield>
  <datafield tag="650" ind1=" " ind2=" ">
    <subfield code="a">Food Biotechnology</subfield>
  </datafield>
  <datafield tag="650" ind1=" " ind2=" ">
    <subfield code="a"> &#x91C;&#x948;&#x935; &#x92A;&#x94D;&#x930;&#x94C;&#x926;&#x94D;&#x92F;&#x94B;&#x917;&#x93F;&#x915;&#x940;</subfield>
  </datafield>
  <datafield tag="650" ind1=" " ind2=" ">
    <subfield code="a"> &#x916;&#x93E;&#x926;&#x94D;&#x92F; &#x91C;&#x948;&#x935; &#x92A;&#x94D;&#x930;&#x94C;&#x926;&#x94D;&#x92F;&#x94B;&#x917;&#x93F;&#x915;&#x940;</subfield>
  </datafield>
  <datafield tag="942" ind1=" " ind2=" ">
    <subfield code="2">ddc</subfield>
    <subfield code="c">EN</subfield>
    <subfield code="h">664.025</subfield>
    <subfield code="m">TRI</subfield>
  </datafield>
  <datafield tag="999" ind1=" " ind2=" ">
    <subfield code="c">122409</subfield>
    <subfield code="d">122409</subfield>
  </datafield>
  <datafield tag="952" ind1=" " ind2=" ">
    <subfield code="0">0</subfield>
    <subfield code="1">0</subfield>
    <subfield code="4">0</subfield>
    <subfield code="7">1</subfield>
    <subfield code="8">REF</subfield>
    <subfield code="a">L</subfield>
    <subfield code="b">L</subfield>
    <subfield code="d">2015-05-21</subfield>
    <subfield code="e">Cen Lib/Ret</subfield>
    <subfield code="g">695.00</subfield>
    <subfield code="l">0</subfield>
    <subfield code="o">664.024 TRI</subfield>
    <subfield code="p">B-129017</subfield>
    <subfield code="r">2015-05-21 00:00:00</subfield>
    <subfield code="t">1</subfield>
    <subfield code="v">695.00</subfield>
    <subfield code="w">2016-09-15</subfield>
    <subfield code="y">EN</subfield>
  </datafield>
  <datafield tag="952" ind1=" " ind2=" ">
    <subfield code="0">0</subfield>
    <subfield code="1">0</subfield>
    <subfield code="2">ddc</subfield>
    <subfield code="4">0</subfield>
    <subfield code="7">0</subfield>
    <subfield code="8">NFIC</subfield>
    <subfield code="a">YV</subfield>
    <subfield code="b">YV</subfield>
    <subfield code="d">2019-10-17</subfield>
    <subfield code="e">BPPD/PUB</subfield>
    <subfield code="g">695.00</subfield>
    <subfield code="l">0</subfield>
    <subfield code="o">664.025 TRI</subfield>
    <subfield code="p">B-129021</subfield>
    <subfield code="r">2019-10-17 00:00:00</subfield>
    <subfield code="v">695.00</subfield>
    <subfield code="w">2019-10-17</subfield>
    <subfield code="y">EN</subfield>
  </datafield>
</record>
